书目信息 |
| 题名: |
测绘与地理信息系统技术研究
|
|
| 作者: | 李小军 , 陈恩星 , 杨棕 著 | |
| 分册: | ||
| 出版信息: | 长春 吉林科学技术出版社 2023.07 |
|
| 页数: | 183页 | |
| 开本: | 24cm | |
| 丛书名: | ||
| 单 册: | ||
| 中图分类: | P2 , P208.2 | |
| 科图分类: | ||
| 主题词: | 测绘学--ce hui xue--研究 , 地理信息系统--di li xin xi xi tong--研究 | |
| 电子资源: | ||
| ISBN: | 978-7-5744-0789-3 | |
| 000 | 01068nam0 2200289 450 | |
| 001 | 91337 | |
| 005 | 20250816202824.01 | |
| 010 | @a978-7-5744-0789-3@dCNY72.00 | |
| 100 | @a20240330d2023 em y0chiy50 ea | |
| 101 | 0 | @achi |
| 102 | @aCN@b220000 | |
| 105 | @aa a 000yy | |
| 106 | @ar | |
| 200 | 1 | @a测绘与地理信息系统技术研究@Ace hui yu di li xin xi xi tong ji shu yan jiu@f李小军, 陈恩星, 杨棕著 |
| 210 | @a长春@c吉林科学技术出版社@d2023.07 | |
| 215 | @a183页@c图@d24cm | |
| 320 | @a有书目 (第183页) | |
| 330 | @a本书是对测绘与地理信息系统技术的研究, 内容包括测绘学概述、遥感科学与技术、空间数据库与数据模型、地理空间数据的获取、地理空间数据处理与质量控制、地理空间数据查询与分析、地理数据的可视化与地图制图、地理信息系统的应用。 | |
| 606 | 0 | @a测绘学@Ace hui xue@x研究 |
| 606 | 0 | @a地理信息系统@Adi li xin xi xi tong@x研究 |
| 690 | @aP2@v5 | |
| 690 | @aP208.2@v5 | |
| 701 | 0 | @a李小军@Ali xiao jun@4著 |
| 701 | 0 | @a陈恩星@Achen en xing@4著 |
| 701 | 0 | @a杨棕@Ayang zong@4著 |
| 801 | 0 | @aCN@c20250909 |
| 905 | @a河南城建学院图书馆@dP2@eL290@f1 | |
| 测绘与地理信息系统技术研究/李小军, 陈恩星, 杨棕著.-长春:吉林科学技术出版社,2023.07 |
| 183页:图;24cm |
| ISBN 978-7-5744-0789-3:CNY72.00 |
| 本书是对测绘与地理信息系统技术的研究, 内容包括测绘学概述、遥感科学与技术、空间数据库与数据模型、地理空间数据的获取、地理空间数据处理与质量控制、地理空间数据查询与分析、地理数据的可视化与地图制图、地理信息系统的应用。 |
| ● |
| 相关链接 |
|
|
|
正题名:测绘与地理信息系统技术研究
索取号:P2/L290
 
预约/预借
| 序号 | 登录号 | 条形码 | 馆藏地/架位号 | 状态 | 备注 |
| 1 | 1625299 | 216252999 | 自科库401/401自科库 112排2列5层/ [索取号:P2/L290] | 在馆 |